000 00384nam a22001697a 4500
005 20160615092821.0
008 160615b xxu||||| |||| 00| 0 eng d
020 _a81-7929-096-4
041 _aeng
082 _b7621
100 _aBrown, Brian B
_91608
245 _aChange Management
260 _bInfinity Book
_c2005
300 _a104
650 _aManagement
_9241
942 _cBK
999 _c2722
_d2721